China and Africa in the Middle Ages /

Bibliographic Details
Main Author: Filesi, Teobaldo
Format: Book
Language:English
Italian
Published: London : F. Cass in association with the Central Asian Research Centre, [1972]
Series:Cass library of African studies. General studies ; no. 144.
Subjects:

MARC

Tag First Indicator Second Indicator Subfields
LEADER 00000cam a2200000 4500
001 in00000282945
005 20151010090912.0
008 730327s1972 enka b 00100 eng
010 |a  73150979  
015 |a B*** 
020 |a 071462604X  |c 2.50 
035 |a (OCoLC)00610000 
035 |9 ABG4954AM 
040 |a DLC  |c DLC  |d TXA  |d UtOrBLW 
041 1 |a eng  |a ita 
043 |a a-cc---  |a f------ 
049 |a TXAM  |c [956757] 
050 0 0 |a DT38.9.C5  |b F513 
082 0 |a 301.29/6/051 
100 1 |a Filesi, Teobaldo. 
245 1 0 |a China and Africa in the Middle Ages /  |c Translated [from the Italian] by David L. Morison. 
264 1 |a London :  |b F. Cass in association with the Central Asian Research Centre,  |c [1972] 
300 |a 101 pages :  |b illustrations ;  |c 22 cm. 
336 |a text  |b txt  |2 rdacontent 
337 |a unmediated  |b n  |2 rdamedia 
338 |a volume  |b nc  |2 rdacarrier 
490 1 |a Cass library of African studies. General studies,  |v no. 144 
500 |a Translation of Le relazioni della Cina con l'Africa nel Medio-Evo. 
504 |a Bibliography: pages 90-96. 
651 0 |a China  |x Relations  |z Africa. 
651 0 |a Africa  |x Relations  |z China. 
830 0 |a Cass library of African studies. General studies ;  |v no. 144. 
999 |a MARS 
999 f f |s ee96e700-8622-3f7a-9593-6db3affd33c4  |i ce0e83a2-80ae-37ed-b7a2-95f59c602490  |t 0 
952 f f |p ric  |a Texas A&M University  |b Rellis Campus  |c Joint Library Facility  |d Remote Storage  |t 0  |e DT38.9.C5 F513  |h Library of Congress classification  |i unmediated -- volume  |m A14802085744 
998 f f |a DT38.9.C5 F513  |t 0  |l Remote Storage